The quest for freedom & dignity : (Record no. 1620)
[ view plain ]
| 000 -LEADER | |
|---|---|
| fixed length control field | 01161cam a2200349 a 4500 |
| 001 - CONTROL NUMBER | |
| control field | 12952795 |
| 003 - CONTROL NUMBER IDENTIFIER | |
| control field | GBCCL |
| 005 - DATE AND TIME OF LATEST TRANSACTION | |
| control field | 20241126110405.0 |
| 008 - FIXED-LENGTH DATA ELEMENTS--GENERAL INFORMATION | |
| fixed length control field | 020710s2001 ii 000 0ceng |
| 010 ## - | |
| -- | 2002314633 |
| 020 ## - INTERNATIONAL STANDARD BOOK NUMBER | |
| International Standard Book Number | 8178200635 |
| 025 ## - OVERSEAS ACQUISITION NUMBER | |
| Overseas acquisition number | I-E-2002-314633; 26; 69-90 |
| 035 ## - SYSTEM CONTROL NUMBER | |
| System control number | (DLC) 2002314633 |
| 037 ## - SOURCE OF ACQUISITION | |
| Source of stock number/acquisition | Library of Congress -- New Delhi Overseas Office |
| Terms of availability | Rs200.00 |
| 040 ## - CATALOGING SOURCE | |
| Original cataloging agency | DLC |
| Transcribing agency | DLC |
| Modifying agency | DLC |
| 042 ## - | |
| -- | lcode |
| 043 ## - | |
| -- | a-ii--- |
| 050 00 - | |
| -- | BV3269.A1 |
| -- | M35 2001 |
| 082 ## - DEWEY DECIMAL CLASSIFICATION NUMBER | |
| Classification number | 248.246092 |
| Item number | MAN |
| 100 1# - MAIN ENTRY--PERSONAL NAME | |
| Personal name | Mangalwadi, Vishal. |
| 9 (RLIN) | 3314 |
| 245 14 - TITLE STATEMENT | |
| Title | The quest for freedom & dignity : |
| Remainder of title | caste, conversion & cultural revolution / |
| Statement of responsibility, etc. | Vishal Mangalwadi. |
| 246 3# - | |
| -- | Quest for freedom and dignity |
| 250 ## - EDITION STATEMENT | |
| Edition statement | 1st ed. |
| 260 ## - PUBLICATION, DISTRIBUTION, ETC. | |
| Place of publication, distribution, etc. | Mumbai : |
| Name of publisher, distributor, etc. | GLS Pub., |
| Date of publication, distribution, etc. | 2001. |
| 300 ## - PHYSICAL DESCRIPTION | |
| Extent | xxi, 199 p. ; |
| Dimensions | 21 cm. |
| 520 ## - SUMMARY, ETC. | |
| Summary, etc. | Biographical account of few Hindus who converted to Christianity. |
| 650 #0 - SUBJECT ADDED ENTRY--TOPICAL TERM | |
| Topical term or geographic name entry element | Christian converts from Hinduism |
| Geographic subdivision | India |
| Form subdivision | Biography. |
| 9 (RLIN) | 3315 |
| 650 #0 - SUBJECT ADDED ENTRY--TOPICAL TERM | |
| Topical term or geographic name entry element | Missions to Hindus |
| Geographic subdivision | India. |
| 9 (RLIN) | 3148 |
| 906 ## - LOCAL DATA ELEMENT F, LDF (RLIN) | |
| a | 7 |
| b | cbc |
| c | origode |
| d | 3 |
| e | ncip |
| f | 20 |
| g | y-gencatlg |
| 942 ## - ADDED ENTRY ELEMENTS (KOHA) | |
| Source of classification or shelving scheme | Dewey Decimal Classification |
| Koha item type | Books |
| Koha issues (borrowed), all copies | 1 |
| Withdrawn status | Lost status | Source of classification or shelving scheme | Damaged status | Not for loan | Home library | Current Library | Shelving location | Date acquired | Total checkouts | Full call number | Barcode | Date last seen | Copy number | Price effective from | Koha item type | Date last checked out |
|---|---|---|---|---|---|---|---|---|---|---|---|---|---|---|---|---|
| Dewey Decimal Classification | GRACE BIBLE COLLEGE | GRACE BIBLE COLLEGE | Ministry & Mission | 2017-05-09 | 248.246092 MAN | 010599 | 2025-05-01 | c.2 | 2017-05-09 | Books | ||||||
| Dewey Decimal Classification | GRACE BIBLE COLLEGE | GRACE BIBLE COLLEGE | Ministry & Mission | 2017-05-09 | 248.246092 MAN | 010600 | 2025-05-01 | c.3 | 2017-05-09 | Books | ||||||
| Dewey Decimal Classification | GRACE BIBLE COLLEGE | GRACE BIBLE COLLEGE | Ministry & Mission | 2017-05-09 | 1 | 248.246092 MAN | 010173 | 2025-05-01 | c.1 | 2017-05-09 | Books | 2024-02-17 | ||||
| Dewey Decimal Classification | GRACE BIBLE COLLEGE | GRACE BIBLE COLLEGE | Ministry & Mission | 2017-05-09 | 248.246092 MAN | 010601 | 2025-05-01 | c.4 | 2017-05-09 | Books |